[Event "Quebec-ch qual U1600"]
[Site "Montreal"]
[Date "2005.10.08"]
[Round "1"]
[White "Girard, Jonathan"]
[Black "Roy, Myriam"]
[Result "1/2-1/2"]
[WhiteElo "1572"]
[BlackElo "1469"]
[PlyCount "45"]
[EventDate "2005.10.08"]
[EventType "swiss"]
[EventRounds "3"]
[EventCountry "CAN"]
[SourceTitle "EXT 2009"]
[Source "ChessBase"]
[SourceDate "2008.11.26"]
[SourceVersion "1"]
[SourceVersionDate "2008.11.26"]
[SourceQuality "1"]

1. c4 c5 2. Nc3 Nc6 3. g3 g6 4. Bg2 Bg7 5. Nf3 d6 6. 0-0 e5 7. d3 Nge7 8. Qd2 0-0 9. b3 f5 10. Bb2 Be6 11. Ng5 Bd7 12. Nb5 Nc8 13. Bd5+ Kh8 14. Nf7+ Rxf7 15. Bxf7 a6 16. Nc3 Nd4 17. Bd5 Rb8 18. e3 Nc6 19. f4 Nb6 20. Bg2 Be6 21. Ne2 Qd7 22. Rae1 Rd8 23. Kh1 1/2-1/2